000 00311nam a22001337a 4500
999 _c256702
_d256701
003 OSt
005 20180219140507.0
008 180219b xxu||||| |||| 00| 0 eng d
040 _cN/a
100 _aEleanor ivanye
245 _ainsects from close up
260 _aUSA
_bCrowell company
_c1965
942 _2lcc
_cBK